Quiz La Tour Montparnasse Infernale - Statistiques

Statistiques générales
  • Ce quiz a été pris 115 fois
  • Le résultat moyen est 4 sur 15
Statistiques - réponses
Questions Réponses % Correct
Qui sont les deux acteurs principaux ? Eric Judor et Ramzy Bedia
73%
De quelle année date le film ? 2001
69%
Comment le petit chauve appelle-t-il la femme dont il est amoureux ? Marie-Joëlle
54%
Quel est le porte-bonheur chinois ? La main
53%
Qui est l'actrice ? Marina Foïs
44%
Quel est leur métier ? Laveurs de carreaux
41%
Quel est son vrai nom ? Stéphanie
16%
Que lui a-t-il offert en les collant sur la vitre ? des Apéricubes
11%
En quoi se déguisent-ils après avoir été dans le conduit d'aération ? En chevalier
10%
Quel accent le petit chauve imite-t-il dans la piscine ? L'accent chinois
10%
Quel est le titre du second volet ? La Tour 2 Contrôle Infernale
8%
Quel jour de la semaine l'histoire se déroule-t-elle ? Vendredi soir
4%
Quel est le nom du vieux monsieur qui vient pour la réunion dans la tour ? Monsieur Lanceval
1%
Qu'a prévu de faire le grand maigre le soir ? Son deuxième cours de force pure
1%
Que fait le petit chauve dans l'hélicoptère pour se distraire ? Il écrit sur les billets de 500F
0%
Aucun quiz correspondant
Distribution des résultats
% des personnes avec chaque résultat
Percentile par nombre de réponses
Votre historique - résultats
Vous n’avez pas pris ce quiz